[Event "DEM U16w 2003"]
[Site "Willingen GER"]
[Date "2003.06.08"]
[Round "2"]
[White "Wölfer, Wiebke"]
[Black "Schulz, Stefanie"]
[Result "0-1"]
[Termination "normal"]
[Board "1"]
[WhiteElo "1760"]
[BlackElo "2101"]
[PlyCount "68"]
[BlackFideId "4693060"]
[EventCountry "GER"]
[EventRounds "9"]
[EventType "swiss"]
[EventDate "2003.06.07"]

1. e4 c5 2. Nc3 Nc6 3. g3 g6 4. Bg2 Bg7 5. d3 e6 6. Be3 d6 7. Qd2 Rb8 8. f4
Nge7 9. Nf3 O-O 10. g4 f5 11. h3 b5 12. Rb1 Nd4 13. Ne2 Nec6 14. g5 e5 15. c3
Nxe2 16. Kxe2 Qc7 17. Kf1 Be6 18. b3 c4 19. Ne1 exf4 20. Bf2 fxe4 21. dxe4 Ne5
22. Bf3 cxb3 23. axb3 Bxb3 24. Rc1 a5 25. Kg2 Qe7 26. h4 Nxf3 27. Kxf3 Qe6 28.
Nd3 d5 29. Nc5 dxe4+ 30. Nxe4 Bd5 31. Rce1 Rbc8 32. Bd4 Bxd4 33. cxd4 b4 34.
Qe2 Rc3+ 0-1

[Event "DEM U16w 2003"]
[Site "Willingen GER"]
[Date "2003.06.08"]
[Round "2"]
[White "Krege, Sandra"]
[Black "Butschek, Tanja"]
[Result "1-0"]
[Termination "normal"]
[Board "2"]
[WhiteElo "1902"]
[BlackElo "1680"]
[PlyCount "85"]
[WhiteFideId "4680910"]
[BlackFideId "24604640"]
[EventCountry "GER"]
[EventRounds "9"]
[EventType "swiss"]
[EventDate "2003.06.07"]

1. e4 c6 2. Nc3 d5 3. Qf3 e6 4. d3 Bb4 5. Bd2 Nd7 6. Qg3 Qf6 7. f4 Ne7 8. Nf3
Ng6 9. Be2 Bxc3 10. bxc3 dxe4 11. dxe4 Nc5 12. Bd3 Bd7 13. O-O Nxd3 14. cxd3
O-O 15. h4 h5 16. Ng5 Ne7 17. Qe3 b6 18. d4 Rac8 19. c4 Rfe8 20. Bc3 Qg6 21.
Rf3 f6 22. Nh3 Qf7 23. Raf1 c5 24. Rg3 cxd4 25. Qxd4 Nc6 26. Qxf6 Qxf6 27. Bxf6
Kf7 28. Rxg7+ Kxf6 29. Rxd7 Re7 30. Rd6 Nb4 31. a3 Nc2 32. Rf3 Rxc4 33. e5+ Kf5
34. Rg3 Nd4 35. Rg5+ Ke4 36. Rxh5 Ne2+ 37. Kh2 Nxf4 38. Nxf4 Kxf4 39. Rd3 Kg4
40. Rh8 Re4 41. Rg8+ Kf4 42. g3+ Kxe5 43. Rg5+ 1-0

[Event "DEM U16w 2003"]
[Site "Willingen GER"]
[Date "2003.06.08"]
[Round "2"]
[White "Neldner, Uta"]
[Black "Romakin, Helene"]
[Result "0-1"]
[Termination "normal"]
[Board "3"]
[WhiteElo "1723"]
[BlackElo "1865"]
[PlyCount "76"]
[WhiteFideId "24604070"]
[BlackFideId "24605964"]
[EventCountry "GER"]
[EventRounds "9"]
[EventType "swiss"]
[EventDate "2003.06.07"]

1. d4 Nf6 2. e3 g6 3. Bd3 Bg7 4. f4 O-O 5. Nf3 d6 6. O-O c5 7. c3 b6 8. Nbd2
Bb7 9. Bc2 Nc6 10. Qe1 Ba6 11. c4 cxd4 12. exd4 d5 13. Qh4 dxc4 14. Ne4 Nxd4
15. Nxf6+ Bxf6 16. Qf2 Nxc2 17. Qxc2 Qc7 18. Be3 Rfd8 19. f5 c3 20. Rfd1 Rac8
21. bxc3 Bxc3 22. Rxd8+ Qxd8 23. Rd1 Qe8 24. fxg6 hxg6 25. Qf2 Bf6 26. Qg3 Qa4
27. Re1 Bb7 28. Qh3 Rc2 29. Bf2 Qxa2 30. Rd1 e6 31. Be3 Qb3 32. Re1 a5 33. Qg3
Kg7 34. Qh3 Qc3 35. Qh6+ Kg8 36. Rf1 Re2 37. Bxb6 Bxf3 38. Rxf3 Bd4+ 0-1

[Event "DEM U16w 2003"]
[Site "Willingen GER"]
[Date "2003.06.08"]
[Round "2"]
[White "Katte, Isabel"]
[Black "Großmann, Susan"]
[Result "0-1"]
[Termination "normal"]
[Board "4"]
[WhiteElo "1712"]
[BlackElo "1793"]
[PlyCount "74"]
[WhiteFideId "24612987"]
[BlackFideId "24608220"]
[EventCountry "GER"]
[EventRounds "9"]
[EventType "swiss"]
[EventDate "2003.06.07"]

1. e4 d6 2. d4 Nf6 3. Nc3 g6 4. Bc4 Bg7 5. Qe2 c6 6. e5 dxe5 7. dxe5 Nd5 8. Bd2
O-O 9. O-O-O Qc7 10. f4 Nxc3 11. Bxc3 b5 12. Bd3 a5 13. a3 Na6 14. b3 Nc5 15.
Nf3 Ba6 16. Bb2 Nxd3+ 17. Qxd3 Rfd8 18. Qe3 c5 19. e6 Bxb2+ 20. Kxb2 f6 21. g4
Bb7 22. f5 Bxf3 23. Qxf3 b4 24. axb4 axb4 25. Rxd8+ Qxd8 26. Rd1 Qa5 27. Kc1
Qa1+ 28. Kd2 Rd8+ 29. Ke1 Qe5+ 30. Qe2 Rxd1+ 31. Kxd1 gxf5 32. Qd2 Qxe6 33. g5
Qd6 34. gxf6 Qxd2+ 35. Kxd2 e5 36. Kd3 Kf7 37. Kc4 e4 0-1

[Event "DEM U16w 2003"]
[Site "Willingen GER"]
[Date "2003.06.08"]
[Round "2"]
[White "Wolk, Friederike"]
[Black "Busse, Nadine"]
[Result "1-0"]
[Termination "normal"]
[Board "5"]
[WhiteElo "1684"]
[BlackElo "1586"]
[PlyCount "59"]
[WhiteFideId "4693400"]
[BlackFideId "24632023"]
[EventCountry "GER"]
[EventRounds "9"]
[EventType "swiss"]
[EventDate "2003.06.07"]

1. e4 c5 2. Nc3 e6 3. g3 g6 4. Bg2 Bg7 5. d3 Ne7 6. Be3 Qc7 7. Qd2 a6 8. Bh6
O-O 9. h4 Qe5 10. Bxg7 Qxg7 11. h5 Nbc6 12. O-O-O b5 13. e5 Qxe5 14. Nf3 Qg7
15. Rh2 f6 16. hxg6 Qxg6 17. Rdh1 Rf7 18. Ne4 Nf5 19. Bh3 Rg7 20. Bxf5 Qxf5 21.
Nh4 Qe5 22. f4 Qc7 23. Nxf6+ Kf7 24. Nh5 Rg8 25. f5 Qe5 26. Qh6 Qh8 27. Nf3 Bb7
28. Ng5+ Ke7 29. f6+ Kd6 30. Nf7+ 1-0

[Event "DEM U16w 2003"]
[Site "Willingen GER"]
[Date "2003.06.08"]
[Round "2"]
[White "Nieberle, Cornelia"]
[Black "Krenz, Sarah"]
[Result "1/2-1/2"]
[Termination "normal"]
[Board "6"]
[WhiteElo "1450"]
[BlackElo "1755"]
[PlyCount "130"]
[EventCountry "GER"]
[EventRounds "9"]
[EventType "swiss"]
[EventDate "2003.06.07"]

1. e4 d6 2. d4 Nf6 3. Nc3 g6 4. Be3 Bg7 5. Bc4 O-O 6. Nf3 c6 7. Bb3 Qc7 8. h3
Nbd7 9. O-O b5 10. a3 Rb8 11. Qd2 a5 12. Qd3 Ba6 13. Ne2 Rfd8 14. Ng3 c5 15.
Qd2 c4 16. Ba2 Bb7 17. d5 Nc5 18. Bxc5 dxc5 19. Qe3 Nd7 20. c3 Qb6 21. Rad1 Nf8
22. Qf4 f6 23. Rfe1 e6 24. dxe6 Nxe6 25. Qe3 Qc7 26. Rd2 Rxd2 27. Qxd2 Rd8 28.
Qc1 Nf4 29. Rd1 Re8 30. Qc2 Kh8 31. Ne1 Bc6 32. Qd2 Bf8 33. f3 Nxh3+ 34. gxh3
Qxg3+ 35. Qg2 Qf4 36. Qd2 Qg3+ 37. Qg2 Qe5 38. Nc2 Be7 39. Qh2 Qxh2+ 40. Kxh2
Rd8 41. Rxd8+ Bxd8 42. Kg2 Kg7 43. Ne3 Kf7 44. a4 Ke6 45. axb5 Bxb5 46. Bxc4+
Bxc4 47. Nxc4 Kd7 48. Kf2 Kc6 49. Ke3 Bc7 50. Na3 g5 51. Nc4 Kb5 52. Kd3 Kc6
53. Na3 Kd7 54. Kc4 Kc6 55. Nc2 Bf4 56. Ne1 Bd6 57. Nd3 h6 58. Ne1 Bf4 59. Ng2
Bc1 60. b3 Kd6 61. Ne1 Be3 62. Nd3 h5 63. Kb5 Bd2 64. Nxc5 Bxc3 65. Nd3 Bd2
1/2-1/2

[Event "DEM U16w 2003"]
[Site "Willingen GER"]
[Date "2003.06.08"]
[Round "2"]
[White "Stemmler, Lysan"]
[Black "Forchmann, Anneliese"]
[Result "1/2-1/2"]
[Termination "normal"]
[Board "7"]
[WhiteElo "1445"]
[BlackElo "1715"]
[PlyCount "106"]
[WhiteFideId "24622451"]
[EventCountry "GER"]
[EventRounds "9"]
[EventType "swiss"]
[EventDate "2003.06.07"]

1. e4 e6 2. d4 d5 3. Nc3 Bb4 4. e5 Ne7 5. Bd3 c5 6. a3 cxd4 7. axb4 dxc3 8.
bxc3 Qc7 9. Bb5+ Bd7 10. Bxd7+ Nxd7 11. Ne2 Nxe5 12. Bf4 N7g6 13. Bg3 Qc4 14.
O-O O-O 15. Re1 Nd7 16. Ra3 e5 17. Qd2 f5 18. f3 a6 19. Ra5 b5 20. Rea1 Qc6 21.
Nc1 f4 22. Bf2 e4 23. Bd4 Nge5 24. Qf2 Nc4 25. R5a2 e3 26. Qh4 Nd2 27. Ne2 Qg6
28. Kh1 Qf5 29. Rg1 Ne5 30. Qe7 Rfe8 31. Qd6 Nec4 32. Qxf4 Qe6 33. Qg5 Qf7 34.
Qg3 Re6 35. Nf4 Rh6 36. Nxd5 Rg6 37. Nf6+ gxf6 38. Qf4 Qe6 39. Qc7 Re8 40. Re1
Rg7 41. Qf4 Rg6 42. Re2 f5 43. Ra1 Rh6 44. Rae1 Qd6 45. Qg5+ Rg6 46. Qxf5 Rf8
47. Qh5 Rh6 48. Qg5+ Rg6 49. Qh5 Qf4 50. Bxe3 Nxe3 51. Rxe3 Nc4 52. Qd5+ Kg7
53. Re4 Qf6 1/2-1/2

[Event "DEM U16w 2003"]
[Site "Willingen GER"]
[Date "2003.06.08"]
[Round "2"]
[White "Schmidt, Jade"]
[Black "Beltz, Carmen"]
[Result "1-0"]
[Termination "normal"]
[Board "8"]
[WhiteElo "1519"]
[BlackElo "1690"]
[PlyCount "97"]
[BlackFideId "24608726"]
[EventCountry "GER"]
[EventRounds "9"]
[EventType "swiss"]
[EventDate "2003.06.07"]

1. d4 d5 2. c4 e6 3. Nc3 Nf6 4. Bg5 Be7 5. e3 h6 6. Bh4 O-O 7. cxd5 exd5 8. Bd3
Nbd7 9. Nf3 Re8 10. Qc2 Nf8 11. h3 Ne6 12. Bg3 Bd6 13. Bxd6 Qxd6 14. O-O Qd8
15. Rfc1 Nh5 16. Bf5 c6 17. b4 Ng5 18. Ne5 Nf6 19. b5 Nd7 20. Bxd7 Bxd7 21.
bxc6 bxc6 22. Na4 Rc8 23. Nc5 Be6 24. Rab1 Ne4 25. Rb7 Nxc5 26. Qxc5 Qg5 27.
Kf1 Rb8 28. Rcb1 Rbc8 29. Rxa7 Qh5 30. Qc1 Qg5 31. Rbb7 Rf8 32. Rc7 Rb8 33.
Rab7 Ra8 34. a3 Qf5 35. Qxc6 Bc8 36. Rb6 f6 37. Nf3 Qd3+ 38. Kg1 Qe4 39. Qc2
Qxc2 40. Rxc2 Rxa3 41. Rd6 Ra1+ 42. Kh2 Bf5 43. Rc5 Ra2 44. Kg3 Be4 45. Rd7 Kh7
46. Rcc7 Rg8 47. Nh4 Raa8 48. f3 Bd3 49. Rxd5 1-0

[Event "DEM U16w 2003"]
[Site "Willingen GER"]
[Date "2003.06.08"]
[Round "2"]
[White "Mersmann, Maren"]
[Black "Dauer, Christina"]
[Result "0-1"]
[Termination "normal"]
[Board "9"]
[WhiteElo "1669"]
[BlackElo "1444"]
[PlyCount "68"]
[BlackFideId "24609781"]
[EventCountry "GER"]
[EventRounds "9"]
[EventType "swiss"]
[EventDate "2003.06.07"]

1. e4 e6 2. d4 d5 3. exd5 exd5 4. Bd3 Bd6 5. c3 Nf6 6. Ne2 O-O 7. O-O c6 8. Bf4
Re8 9. Bxd6 Qxd6 10. Ng3 Bg4 11. Qc2 Nbd7 12. Nd2 Re7 13. h3 Be6 14. Nf3 c5 15.
dxc5 Nxc5 16. Nd4 g6 17. Rad1 Nxd3 18. Qxd3 Bd7 19. Rfe1 Rae8 20. Rxe7 Rxe7 21.
Nc2 Qb6 22. b3 Ne4 23. Nd4 Qf6 24. Rf1 h5 25. Nxe4 dxe4 26. Qg3 Re5 27. Re1 a5
28. Qe3 h4 29. Ne2 g5 30. Nd4 g4 31. hxg4 Bxg4 32. Ne2 Rg5 33. Kh1 h3 34. gxh3
Bf3+ 0-1

[Event "DEM U16w 2003"]
[Site "Willingen GER"]
[Date "2003.06.08"]
[Round "2"]
[White "Hoolt, Sarah"]
[Black "Hafner, Katrin"]
[Result "1-0"]
[Termination "normal"]
[Board "10"]
[WhiteElo "1820"]
[BlackElo "1370"]
[PlyCount "75"]
[WhiteFideId "24606812"]
[BlackFideId "24668001"]
[EventCountry "GER"]
[EventRounds "9"]
[EventType "swiss"]
[EventDate "2003.06.07"]

1. e4 e6 2. d4 d5 3. exd5 exd5 4. Bd3 Nc6 5. Ne2 Bd6 6. c3 Nge7 7. O-O Bf5 8.
Bf4 O-O 9. Bxd6 Qxd6 10. Ng3 Bxd3 11. Qxd3 Rfe8 12. Nd2 Qg6 13. Qb5 Rab8 14. f4
a6 15. Qb3 Qd3 16. Rad1 Na5 17. Qb4 Nac6 18. Qa4 Ra8 19. Rf3 Qb5 20. Qc2 Nb8
21. f5 Nd7 22. Nh5 Qc6 23. Rdf1 Nf6 24. Rh3 Rad8 25. Nf3 Rd6 26. Ne5 Qb5 27. a4
Qb6 28. Nxf6+ gxf6 29. Rg3+ Kf8 30. Ng4 Ng8 31. Qd2 Ke7 32. Re1+ Kd7 33. Rxe8
Kxe8 34. Re3+ Ne7 35. Qe2 Rd7 36. Nh6 Qd6 37. Qh5 Qf4 38. Qxf7+ 1-0

[Event "DEM U16w 2003"]
[Site "Willingen GER"]
[Date "2003.06.08"]
[Round "2"]
[White "Winkelmann, Elena"]
[Black "Henneberg, Olga"]
[Result "1-0"]
[Termination "normal"]
[Board "11"]
[WhiteElo "1643"]
[BlackElo "1520"]
[PlyCount "101"]
[WhiteFideId "24607630"]
[EventCountry "GER"]
[EventRounds "9"]
[EventType "swiss"]
[EventDate "2003.06.07"]

1. d4 f5 2. e4 fxe4 3. Nc3 Nf6 4. Bg5 g6 5. Bxf6 exf6 6. Nxe4 Bg7 7. Nf3 O-O 8.
Be2 d6 9. O-O Be6 10. c3 Nd7 11. Qc2 f5 12. Ned2 g5 13. Nb3 g4 14. Nfd2 h5 15.
Rfe1 f4 16. Bd3 Bf7 17. Bh7+ Kh8 18. Bg6 Qg5 19. Bxf7 Rxf7 20. Ne4 Qf5 21. Qb1
Re8 22. Ned2 Qxb1 23. Raxb1 Rfe7 24. Kf1 Nf6 25. Rxe7 Rxe7 26. Re1 Rxe1+ 27.
Kxe1 Kg8 28. Ke2 Kf7 29. Kd3 b6 30. Ne4 d5 31. Nxf6 Kxf6 32. f3 gxf3 33. gxf3
Kg5 34. Ke2 Kh4 35. Kf2 Kh3 36. Kg1 Bf6 37. Nc1 Kh4 38. Nd3 Kg5 39. Nb4 Kf5 40.
Nxd5 c6 41. Nxf6 Kxf6 42. Kf2 Ke6 43. Ke2 b5 44. Kd3 Kd5 45. b3 c5 46. c4+
bxc4+ 47. bxc4+ Kd6 48. d5 Ke5 49. h4 a5 50. a4 Kf5 51. d6 1-0

[Event "DEM U16w 2003"]
[Site "Willingen GER"]
[Date "2003.06.08"]
[Round "2"]
[White "Hammerich, Nadine"]
[Black "Herkt, Julia"]
[Result "1-0"]
[Termination "normal"]
[Board "12"]
[WhiteElo "1435"]
[BlackElo "1638"]
[PlyCount "77"]
[EventCountry "GER"]
[EventRounds "9"]
[EventType "swiss"]
[EventDate "2003.06.07"]

1. d4 d5 2. c4 e6 3. Nc3 c6 4. Nf3 Nf6 5. Bg5 dxc4 6. e4 b5 7. e5 h6 8. Bh4 g5
9. Nxg5 hxg5 10. Bxg5 Nbd7 11. exf6 Bb7 12. Ne4 Qb6 13. Be3 O-O-O 14. Be2 c5
15. Bf3 cxd4 16. Qxd4 Bb4+ 17. Nc3 Nc5 18. Bxb7+ Qxb7 19. Qg4 Rhg8 20. Qf3 Nd3+
21. Ke2 a6 22. Qxb7+ Kxb7 23. a3 Ba5 24. b4 cxb3 25. Nd1 Rxg2 26. Rb1 Ne5 27.
Rxb3 Rg6 28. a4 Rd5 29. axb5 axb5 30. h4 Rxf6 31. h5 Ng4 32. h6 Rff5 33. h7
Nxe3 34. h8=Q Nc2 35. Rd3 Rfe5+ 36. Ne3 Nxe3 37. fxe3 b4 38. Rxd5 Rxd5 39. Rb1
1-0

[Event "DEM U16w 2003"]
[Site "Willingen GER"]
[Date "2003.06.08"]
[Round "2"]
[White "Dietzen, Corinna"]
[Black "Kaplun, Viktoria"]
[Result "1-0"]
[Termination "normal"]
[Board "13"]
[WhiteElo "1621"]
[BlackElo "1502"]
[PlyCount "53"]
[WhiteFideId "24621021"]
[BlackFideId "24621676"]
[EventCountry "GER"]
[EventRounds "9"]
[EventType "swiss"]
[EventDate "2003.06.07"]

1. c4 e6 2. Nc3 Nf6 3. Nf3 d5 4. cxd5 exd5 5. d4 c6 6. Bd2 Be7 7. e3 O-O 8. Bd3
Nbd7 9. O-O Re8 10. Rc1 Nf8 11. Ne1 Bd6 12. f3 Qc7 13. h3 Bh2+ 14. Kh1 Nh5 15.
Rf2 Qg3 16. Re2 Bxh3 17. f4 Bg4 18. Nf3 Bxf3 19. gxf3 Qxf3+ 20. Kxh2 Re6 21.
Rg2 Rh6 22. Qxf3 Nxf4+ 23. Kg1 Nxd3 24. Rf1 f6 25. e4 dxe4 26. Nxe4 Nxb2 27.
Bxh6 1-0

[Event "DEM U16w 2003"]
[Site "Willingen GER"]
[Date "2003.06.09"]
[Round "3"]
[White "Schulz, Stefanie"]
[Black "Romakin, Helene"]
[Result "1-0"]
[Termination "normal"]
[Board "1"]
[WhiteElo "2101"]
[BlackElo "1865"]
[PlyCount "77"]
[WhiteFideId "4693060"]
[BlackFideId "24605964"]
[EventCountry "GER"]
[EventRounds "9"]
[EventType "swiss"]
[EventDate "2003.06.07"]

1. e4 c5 2. Nf3 d6 3. d4 cxd4 4. Bc4 Nc6 5. Qe2 Nf6 6. h3 e6 7. O-O Be7 8. Rd1
O-O 9. c3 d3 10. Bxd3 Qc7 11. Na3 a6 12. Nc2 e5 13. Bg5 Be6 14. Bxf6 Bxf6 15.
Ne3 g6 16. Bc4 Bxc4 17. Nxc4 Rad8 18. Rd2 b5 19. Ne3 Ne7 20. Rad1 Bg7 21. Nd5
Nxd5 22. Rxd5 f5 23. Nd2 Rf6 24. c4 b4 25. f3 Bh6 26. Kh1 Rc8 27. b3 Qb6 28.
Nf1 Kf7 29. Qe1 Kg8 30. Qe2 Kf7 31. Qd3 Rc6 32. exf5 gxf5 33. Ng3 Qf2 34. Nxf5
Bf8 35. Ne3 h5 36. Qh7+ Bg7 37. Qxh5+ Rg6 38. Qf5+ Bf6 39. Ng4 1-0

[Event "DEM U16w 2003"]
[Site "Willingen GER"]
[Date "2003.06.09"]
[Round "3"]
[White "Großmann, Susan"]
[Black "Krege, Sandra"]
[Result "0-1"]
[Termination "normal"]
[Board "2"]
[WhiteElo "1793"]
[BlackElo "1902"]
[PlyCount "116"]
[WhiteFideId "24608220"]
[BlackFideId "4680910"]
[EventCountry "GER"]
[EventRounds "9"]
[EventType "swiss"]
[EventDate "2003.06.07"]

1. e4 c5 2. Nf3 Nc6 3. Bb5 e6 4. O-O Nge7 5. d3 a6 6. Bxc6 Nxc6 7. Nc3 Be7 8.
Re1 O-O 9. e5 d5 10. exd6 Bxd6 11. Ne4 Ne7 12. Be3 Qc7 13. Nxd6 Qxd6 14. Nd2 b6
15. Qf3 Qd5 16. Qxd5 Nxd5 17. Ne4 Bb7 18. a4 a5 19. Bd2 Rfd8 20. Bc3 f6 21. Nd2
Kf7 22. f3 Rac8 23. Nc4 Ba6 24. Ne3 Ne7 25. Rad1 Nc6 26. Nc4 Bxc4 27. dxc4 Nd4
28. Bxd4 Rxd4 29. Rxd4 cxd4 30. b3 e5 31. Kf2 Ke6 32. Ke2 Kd6 33. c3 dxc3 34.
Kd3 Kc5 35. Kxc3 Rd8 36. Rf1 Rd4 37. Re1 Rh4 38. h3 Rd4 39. Rb1 e4 40. fxe4
Rxe4 41. Kd3 Rf4 42. Rb2 Kb4 43. Ke3 Rf1 44. Rd2 Rb1 45. Rd7 Rxb3+ 46. Ke4 Rc3
47. Rxg7 Rxc4+ 48. Kd5 Rc5+ 49. Kd4 Kxa4 50. Rxh7 Rg5 51. g4 b5 52. Rh6 b4 53.
Rxf6 b3 54. Rb6 Ka3 55. Kc3 a4 56. Kc4 b2 57. Kc3 Rc5+ 58. Kd4 Rc1 0-1

[Event "DEM U16w 2003"]
[Site "Willingen GER"]
[Date "2003.06.09"]
[Round "3"]
[White "Dauer, Christina"]
[Black "Schmidt, Jade"]
[Result "1/2-1/2"]
[Termination "normal"]
[Board "3"]
[WhiteElo "1444"]
[BlackElo "1519"]
[PlyCount "54"]
[WhiteFideId "24609781"]
[EventCountry "GER"]
[EventRounds "9"]
[EventType "swiss"]
[EventDate "2003.06.07"]

1. e4 e6 2. d4 d5 3. e5 c5 4. c3 Qb6 5. Nf3 Bd7 6. a3 cxd4 7. cxd4 Bb5 8. Bxb5+
Qxb5 9. Nc3 Qa6 10. Bd2 Nc6 11. b4 Qb6 12. Na4 Qd8 13. O-O Nge7 14. Rc1 Nc8 15.
Qb3 Nb6 16. b5 Nb8 17. Ba5 N8d7 18. Rc3 Rc8 19. Rfc1 Rxc3 20. Rxc3 Be7 21. Qc2
O-O 22. Nc5 Qa8 23. Nxd7 Nxd7 24. Rc7 Rd8 25. h4 Bxa3 26. Ng5 g6 27. Rxb7 Qxb7
1/2-1/2

[Event "DEM U16w 2003"]
[Site "Willingen GER"]
[Date "2003.06.09"]
[Round "3"]
[White "Wölfer, Wiebke"]
[Black "Wolk, Friederike"]
[Result "1-0"]
[Termination "normal"]
[Board "4"]
[WhiteElo "1760"]
[BlackElo "1684"]
[PlyCount "127"]
[BlackFideId "4693400"]
[EventCountry "GER"]
[EventRounds "9"]
[EventType "swiss"]
[EventDate "2003.06.07"]

1. e4 c5 2. Nc3 Nc6 3. g3 g6 4. Bg2 Bg7 5. d3 d6 6. f4 e6 7. Nf3 Nge7 8. O-O
O-O 9. Be3 b6 10. Bf2 Ba6 11. Re1 d5 12. exd5 Nxd5 13. Nxd5 exd5 14. d4 Rc8 15.
c3 Na5 16. Bh3 Rc7 17. dxc5 bxc5 18. Qa4 Rb7 19. Bxc5 Bb5 20. Qc2 Re8 21. Rxe8+
Bxe8 22. Re1 f6 23. Be6+ Bf7 24. Bxf7+ Kxf7 25. Qe2 Qd7 26. Nd4 f5 27. Qe6+
Qxe6 28. Nxe6 Bf6 29. Bb4 Nc6 30. Nc5 Rb8 31. Ba3 Rd8 32. Nb7 Rd7 33. Nd6+ Kg8
34. Re8+ Kg7 35. Rc8 Ne7 36. Ne8+ Kf7 37. Nxf6 Kxf6 38. Bxe7+ Kxe7 39. Ra8 Kd6
40. Kf2 Rb7 41. b3 Rc7 42. Rd8+ Ke6 43. Re8+ Kd6 44. Re3 d4 45. Rd3 Rxc3 46.
Rxc3 dxc3 47. Ke3 Kd5 48. Kd3 c2 49. Kxc2 Kd4 50. Kd2 h6 51. h4 Ke4 52. b4 Kf3
53. a4 Kxg3 54. b5 Kxf4 55. a5 Kg3 56. b6 axb6 57. a6 Kxh4 58. a7 g5 59. a8=Q
h5 60. Qf3 f4 61. Ke2 b5 62. Kf2 b4 63. Kg2 g4 64. Qxf4 1-0

[Event "DEM U16w 2003"]
[Site "Willingen GER"]
[Date "2003.06.09"]
[Round "3"]
[White "Winkelmann, Elena"]
[Black "Hoolt, Sarah"]
[Result "0-1"]
[Termination "normal"]
[Board "5"]
[WhiteElo "1643"]
[BlackElo "1820"]
[PlyCount "64"]
[WhiteFideId "24607630"]
[BlackFideId "24606812"]
[EventCountry "GER"]
[EventRounds "9"]
[EventType "swiss"]
[EventDate "2003.06.07"]

1. d4 Nf6 2. c4 g6 3. Nc3 d5 4. Bf4 Bg7 5. Qa4+ c6 6. Bxb8 Rxb8 7. Qxa7 Bf5 8.
e3 O-O 9. Qa4 Qc7 10. Qd1 Rfd8 11. cxd5 Nxd5 12. Nxd5 Rxd5 13. Bc4 Rd7 14. Ne2
c5 15. Qb3 e6 16. Bb5 Qa5+ 17. Nc3 cxd4 18. Qa4 Qxa4 19. Nxa4 Rd5 20. Bc4 Re5
21. Nb6 Rd8 22. Rd1 Bf6 23. O-O dxe3 24. Nd7 exf2+ 25. Kh1 Rxd7 26. Rxd7 b5 27.
Bb3 Re1 28. Rd1 Bh4 29. h3 Bd3 30. g3 Rxf1+ 31. Rxf1 Bxf1 32. gxh4 Bxh3 0-1

[Event "DEM U16w 2003"]
[Site "Willingen GER"]
[Date "2003.06.09"]
[Round "3"]
[White "Krenz, Sarah"]
[Black "Dietzen, Corinna"]
[Result "1-0"]
[Termination "normal"]
[Board "6"]
[WhiteElo "1755"]
[BlackElo "1621"]
[PlyCount "55"]
[BlackFideId "24621021"]
[EventCountry "GER"]
[EventRounds "9"]
[EventType "swiss"]
[EventDate "2003.06.07"]

1. d4 Nf6 2. Nf3 e6 3. g3 b6 4. Bg2 Bb7 5. O-O Nc6 6. c4 Be7 7. Nc3 O-O 8. a3
a6 9. Ne5 Na5 10. Bxb7 Nxb7 11. Qd3 c5 12. d5 Qc7 13. f4 Bd6 14. Nf3 Na5 15. e4
e5 16. fxe5 Bxe5 17. Nxe5 Qxe5 18. Be3 Ng4 19. Rf5 Qc7 20. Bf4 Qa7 21. Qf3 Nf6
22. Rxf6 Kh8 23. Bd6 Rg8 24. Rxf7 Nxc4 25. Qf4 Nxb2 26. Qg4 Nc4 27. Rxd7 Ne3
28. Qe6 1-0

[Event "DEM U16w 2003"]
[Site "Willingen GER"]
[Date "2003.06.09"]
[Round "3"]
[White "Forchmann, Anneliese"]
[Black "Hammerich, Nadine"]
[Result "1-0"]
[Termination "normal"]
[Board "8"]
[WhiteElo "1715"]
[BlackElo "1435"]
[PlyCount "83"]
[EventCountry "GER"]
[EventRounds "9"]
[EventType "swiss"]
[EventDate "2003.06.07"]

1. e4 e6 2. d4 d5 3. Nc3 Nf6 4. e5 Nfd7 5. f4 c5 6. Nf3 Be7 7. Be3 O-O 8. Be2
a6 9. O-O c4 10. Qe1 Re8 11. f5 exf5 12. Nxd5 b5 13. Nxe7+ Qxe7 14. Nh4 g6 15.
Qg3 Kh8 16. Bh6 Rg8 17. Bf3 Ra7 18. Qh3 Nf8 19. Rae1 Rc7 20. Kh1 Nc6 21. Bxc6
Rxc6 22. d5 Rb6 23. Nf3 Rb8 24. Bg5 f4 25. Bxe7 Bxh3 26. Bf6+ Rg7 27. Bxg7+
Kxg7 28. gxh3 Rd8 29. Rd1 h6 30. Nh4 g5 31. Nf5+ Kg6 32. Ne7+ Kg7 33. h4 Nd7
34. e6 Nf6 35. hxg5 hxg5 36. Nf5+ Kg6 37. Ne7+ Kg7 38. exf7 Kxf7 39. d6 Ne4 40.
c3 Rxd6 41. Rxd6 Nxd6 42. Nd5 1-0

[Event "DEM U16w 2003"]
[Site "Willingen GER"]
[Date "2003.06.09"]
[Round "3"]
[White "Busse, Nadine"]
[Black "Katte, Isabel"]
[Result "1/2-1/2"]
[Termination "normal"]
[Board "9"]
[WhiteElo "1586"]
[BlackElo "1712"]
[PlyCount "71"]
[WhiteFideId "24632023"]
[BlackFideId "24612987"]
[EventCountry "GER"]
[EventRounds "9"]
[EventType "swiss"]
[EventDate "2003.06.07"]

1. e4 e6 2. d4 d5 3. e5 c5 4. c3 Nc6 5. Nf3 Qb6 6. Be2 cxd4 7. cxd4 Nh6 8. Nc3
Nf5 9. Na4 Qa5+ 10. Bd2 Bb4 11. Bc3 b5 12. a3 Bxc3+ 13. Nxc3 b4 14. axb4 Qxb4
15. Bb5 Bd7 16. Bxc6 Bxc6 17. Qd2 a5 18. O-O O-O 19. g4 Nh6 20. h3 Ra7 21. Ra2
Rfa8 22. Rfa1 a4 23. Qc2 a3 24. bxa3 Rxa3 25. Rxa3 Rxa3 26. Rb1 Qf8 27. Rb6 Bd7
28. Ng5 g6 29. Rb7 Qc8 30. Qb2 Qxc3 31. Qxc3 Rxc3 32. Rxd7 Rd3 33. Rd8+ Kg7 34.
Rd7 Kg8 35. Rd8+ Kg7 36. Rd7 1/2-1/2

[Event "DEM U16w 2003"]
[Site "Willingen GER"]
[Date "2003.06.09"]
[Round "3"]
[White "Butschek, Tanja"]
[Black "Nieberle, Cornelia"]
[Result "1-0"]
[Termination "normal"]
[Board "10"]
[WhiteElo "1680"]
[BlackElo "1450"]
[PlyCount "53"]
[WhiteFideId "24604640"]
[EventCountry "GER"]
[EventRounds "9"]
[EventType "swiss"]
[EventDate "2003.06.07"]

1. e4 e5 2. Nf3 Nc6 3. Bb5 a6 4. Ba4 Nf6 5. O-O d6 6. d4 b5 7. dxe5 Nxe5 8.
Nxe5 dxe5 9. Qxd8+ Kxd8 10. Bb3 Bd6 11. Bxf7 Nxe4 12. Bd5 Nxf2 13. Bxa8 Bc5 14.
Bg5+ Ke8 15. Bc6+ Bd7 16. Bxd7+ Kxd7 17. Bh4 Ng4+ 18. Kh1 Ne3 19. Rf7+ Ke6 20.
Rxc7 Kd6 21. Rxg7 Nxc2 22. Be7+ Kd5 23. Nc3+ Ke6 24. Rc1 Bxe7 25. Rxc2 Rf8 26.
g3 Rc8 27. Rf2 1-0

[Event "DEM U16w 2003"]
[Site "Willingen GER"]
[Date "2003.06.09"]
[Round "3"]
[White "Hafner, Katrin"]
[Black "Stemmler, Lysan"]
[Result "0-1"]
[Termination "normal"]
[Board "11"]
[WhiteElo "1370"]
[BlackElo "1445"]
[PlyCount "82"]
[WhiteFideId "24668001"]
[BlackFideId "24622451"]
[EventCountry "GER"]
[EventRounds "9"]
[EventType "swiss"]
[EventDate "2003.06.07"]

1. e4 d6 2. d4 Nf6 3. Nc3 g6 4. Nf3 Bg7 5. Be2 O-O 6. Be3 c6 7. h3 Nbd7 8. O-O
e5 9. Qd2 Re8 10. Rad1 exd4 11. Bxd4 Nxe4 12. Nxe4 Rxe4 13. Bxg7 Kxg7 14. c4
Nf6 15. Ng5 Re8 16. Bf3 h6 17. Nxf7 Kxf7 18. Qxd6 Qxd6 19. Rxd6 Be6 20. b3 Rad8
21. Rfd1 Ke7 22. R6d3 Rxd3 23. Rxd3 Rd8 24. Rxd8 Kxd8 25. Bd1 Bf5 26. f3 g5 27.
Kh2 Ke7 28. g3 Kd6 29. f4 gxf4 30. gxf4 Kc5 31. a3 Kd4 32. Kg3 Kc3 33. h4 Bc2
34. Bxc2 Kxc2 35. f5 Kxb3 36. Kf4 Kxc4 37. Ke5 Nh7 38. Ke6 Kd4 39. Kf7 Ke5 40.
Kg7 Nf6 41. Kxh6 Kxf5 0-1